Some mathematical questions in biology : predicting spatial effects in ecological systems

Αποθηκεύτηκε σε:
Λεπτομέρειες βιβλιογραφικής εγγραφής
Συγγραφή απο Οργανισμό/Αρχή: American Association for the Advancement of Science. Annual Meeting
Άλλοι συγγραφείς: Gardner, R. H. (Επιμελητής έκδοσης)
Μορφή: Βιβλίο
Γλώσσα:English
Δημοσίευση: Providence, R.I. : American Mathematical Society, 1993.
Σειρά:Lectures on mathematics in the life sciences ; 23
Θέματα:
Ετικέτες: Προσθήκη ετικέτας
Δεν υπάρχουν, Καταχωρήστε ετικέτα πρώτοι!

MARC

LEADER 00000cam a2200000 i 4500
001 1/88195
008 990824s1993 riu| ||| |||| ||eng||
020 |a 0821811746 
035 |l 10052477 
040 |a GR-MyUa  |b gre  |e AACR2 
041 0 |a eng 
082 7 |a 574.524   |2 (22) 
110 2 |a American Association for the Advancement of Science.   |b Annual Meeting   |d (1991 :   |c San Antonio, Texas) 
245 1 0 |a Some mathematical questions in biology :   |b predicting spatial effects in ecological systems /   |c edited by Robert H. Gardner. 
260 |a Providence, R.I. :   |b American Mathematical Society,   |c 1993. 
300 |a 168 σ. ;   |c 26 εκ. 
490 1 |a (Lectures on mathematics in the life sciences ;   |v 23) 
500 |a Proceedings of the 1991 Symposium on Some Mathematical Questions in Biology, held at the annual meeting of the American Association for the Advancement of Science in San Antonio, Texas, August 4-8, 1991. 
650 0 0 |a Ecological heterogeneity  |x Mathematical models. 
650 0 0 |a Spatial analysis (Statistics) 
700 1 |a Gardner, R. H.  |e edt 
830 0 |a Lectures on mathematics in the life sciences ;  |v 23 
852 |a INST  |b LESVOS  |e 19990824  |h 574.524 AME  |p 005100019583  |q 005100019583  |t BK  |y 0 
901 |a BIBL1-1999-2 
922 |a 1ΕΛΗ  |b 199812  |c ΚΠΣ/ΤΠ  |d ΠΑΠΑΣΩΤΗΡΙΟΥ 
950 |a 107-1998-07-18 
970 |z 1999/09/13  |a ΚΑΜΑΤΣΟΥ  |b ΔΕΣΠΟΙΝΑ